Inni orfici / (Record n. 357887)
[ formato base ]
| 000 -LEADER | |
|---|---|
| fixed length control field | 01297cam a2200337 a 4500 |
| 001 - CONTROL NUMBER | |
| control field | 12341216 |
| 003 - CONTROL NUMBER IDENTIFIER | |
| control field | IT-MiSPE |
| 005 - DATE AND TIME OF LATEST TRANSACTION | |
| control field | 20180514164105.0 |
| 008 - FIXED-LENGTH DATA ELEMENTS--GENERAL INFORMATION | |
| fixed length control field | 010305s2000 it b 001 0 ita |
| 010 ## - LIBRARY OF CONGRESS CONTROL NUMBER | |
| LC control number | 2001367473 |
| 020 ## - INTERNATIONAL STANDARD BOOK NUMBER | |
| International Standard Book Number | 8804476613 |
| Terms of availability | 27.00 EUR |
| 035 ## - SYSTEM CONTROL NUMBER | |
| System control number | (ItFiC)it00701238 |
| 040 ## - CATALOGING SOURCE | |
| Original cataloging agency | IT-MiSPE |
| Transcribing agency | IT-MiSPE |
| Modifying agency | DLC |
| 041 0# - LANGUAGE CODE | |
| Language code of text/sound track or separate title | itagre |
| 050 00 - LIBRARY OF CONGRESS CALL NUMBER | |
| Classification number | PA3662 |
| Item number | .R53 2000 |
| 082 00 - DEWEY DECIMAL CLASSIFICATION NUMBER | |
| Classification number | 881-IN or (23165) |
| 130 0# - MAIN ENTRY--UNIFORM TITLE | |
| Uniform title | Inni orfici. |
| Language of a work | Italiano & greco |
| 9 (RLIN) | 57211 |
| 245 10 - TITLE STATEMENT | |
| Title | Inni orfici / |
| Statement of responsibility, etc. | a cura di Gabriella Ricciardelli. |
| 260 ## - PUBLICATION, DISTRIBUTION, ETC. (IMPRINT) | |
| Place of publication, distribution, etc. | [Roma] : |
| Name of publisher, distributor, etc. | Fondazione Lorenzo Valla ; |
| Place of publication, distribution, etc. | Milano : |
| Name of publisher, distributor, etc. | A. Mondadori, |
| Date of publication, distribution, etc. | 2000. |
| 300 ## - PHYSICAL DESCRIPTION | |
| Extent | lxxviii, 552 p. ; |
| Dimensions | 21 cm. |
| 440 #0 - SERIES STATEMENT/ADDED ENTRY--TITLE | |
| Title | Scrittori greci e latini |
| 9 (RLIN) | 35791 |
| 504 ## - BIBLIOGRAPHY, ETC. NOTE | |
| Bibliography, etc | Include referenze bibliografiche (p. [li]-lxxvii) e indici. |
| 546 ## - LANGUAGE NOTE | |
| Language note | Testo greco con traduzione italiana a fronte; introduzione, note e commentario in italiano. |
| 600 00 - SUBJECT ADDED ENTRY--PERSONAL NAME | |
| Personal name | Orfeo |
| Titles and other words associated with a name | divinità mitologica greca |
| Form subdivision | Inni e musica. |
| 9 (RLIN) | 57212 |
| 630 00 - SUBJECT ADDED ENTRY--UNIFORM TITLE | |
| Uniform title | Inni orfici |
| Form subdivision | Traduzione in italiano. |
| 9 (RLIN) | 57213 |
| 650 #0 - SUBJECT ADDED ENTRY--TOPICAL TERM | |
| Topical term or geographic name as entry element | Inni, Greco (classico) |
| Form subdivision | Traduzione in italiano. |
| 9 (RLIN) | 57214 |
| 700 1# - ADDED ENTRY--PERSONAL NAME | |
| Personal name | Ricciardelli, Gabriella. |
| 9 (RLIN) | 57215 |
| 906 ## - LOCAL DATA ELEMENT F, LDF (RLIN) | |
| a | 7 |
| b | cbc |
| c | origres |
| d | 4 |
| e | ncip |
| f | 20 |
| g | y-gencatlg |
| 942 ## - ADDED ENTRY ELEMENTS (KOHA) | |
| Source of classification or shelving scheme | Dewey Decimal Classification |
| Koha item type | LIBRO |
| Withdrawn status | Lost status | Source of classification or shelving scheme | Damaged status | Not for loan | Home library | Current library | Date acquired | Total Checkouts | Full call number | Barcode | Date last seen | Price effective from | Koha item type |
|---|---|---|---|---|---|---|---|---|---|---|---|---|---|
| Dewey Decimal Classification | Buone Condizioni | Not For Loan | CINISELLO | CINISELLO | 14/05/2018 | 881-IN or (23165) | 9788804476613 | 14/05/2018 | 14/05/2018 | LIBRO |